Meranie výkonnosti procesov zabezpečujúcich leteckú prevádzku
Meranie výkonnosti vzdelávania budúcich manažérov leteckej prevádzky. Požiadavka praxe na manažérov leteckej prevádzky - úzka špecializácia. Flexibilná reakcia výučby na aktuálne požiadavky z praxe. Päťstupňová škála merania výkonnosti vzdelávania v odbore manažérstvo leteckej prevádzky. Nehmotné pr...
Gespeichert in:
| 1. Verfasser: | |
|---|---|
| Weitere Verfasser: | , |
| Format: | Buchkapitel |
| Sprache: | Slowakisch |
| Schlagworte: | |
| Tags: |
Keine Tags, Fügen Sie das erste Tag hinzu!
|
MARC
| LEADER | 00000nla$a2200000$$$4500 | ||
|---|---|---|---|
| 001 | 0051070 | ||
| 005 | 20240502071607.5 | ||
| 041 | 0 | |a slo | |
| 044 | |a SK | ||
| 245 | 1 | 0 | |a Meranie výkonnosti procesov zabezpečujúcich leteckú prevádzku |c František Olejník, Michal Tkáč, Stanislav Szabo |
| 520 | |a Meranie výkonnosti vzdelávania budúcich manažérov leteckej prevádzky. Požiadavka praxe na manažérov leteckej prevádzky - úzka špecializácia. Flexibilná reakcia výučby na aktuálne požiadavky z praxe. Päťstupňová škála merania výkonnosti vzdelávania v odbore manažérstvo leteckej prevádzky. Nehmotné prínosy vzdelávania. | ||
| 610 | 2 | 0 | |a vzdelávanie |
| 610 | 2 | 0 | |a školy vysoké |
| 610 | 2 | 0 | |a vyučovanie |
| 610 | 2 | 0 | |a odbory študijné |
| 610 | 2 | 0 | |a manažment |
| 610 | 2 | 0 | |a priemysel letecký |
| 610 | 2 | 0 | |a výkonnosť |
| 610 | 2 | 0 | |a vedomosti |
| 610 | 2 | 0 | |a prax odborná |
| 100 | 1 | |a Olejník, František | |
| 700 | 1 | |a Tkáč, Michal, 1958- | |
| 700 | 1 | |a Szabo, Stanislav, 1970- | |